[Event "Airthings Masters Prelim"]
[Site "chess24.com INT"]
[Date "2022.02.21"]
[Round "10.3"]
[White "Giri, Anish"]
[Black "Ding, Liren"]
[Result "1-0"]
[WhiteElo "2772"]
[BlackElo "2799"]
[Annotator "Giri,Anish"]
[PlyCount "45"]
[EventDate "2022.02.19"]
[EventType "tourn (rapid)"]
[EventRounds "15"]
[EventCountry "GER"]
[EventCategory "19"]
[SourceTitle "CBM 207"]
[Source "ChessBase"]
[SourceDate "2022.04.30"]
[SourceVersion "1"]
[SourceVersionDate "2022.04.30"]
[SourceQuality "1"]

{[%evp 0,45,80,7,50,20,18,33,18,14,42,21,-16,-30,15,14,37,3,34,-28,-28,-58,-27,-21,-21,-22,-25,-14,-21,-55,-29,-26,-26,0,99,99,123,123,127,82,82,97,121,91,186,182,219,209]} 1. Nf3 {Giri,Anish} d5 2. g3 {The Reti is a relatively rare guest in my practice, but I had already twice recently won two smooth endgames this way, once in Wijk aan Zee against Shankland and now also against Ding Liren, one of the best players of our times.} g6 3. Bg2 Bg7 4. O-O {Once again, I tried this rather unambitious looking system. Main line is 4.d4, fighting for the center, leading to the symmetrical Grunfeld.} e5 {Black, of course, when given a chance, grabs the center.} 5. d3 Nc6 6. e4 {Fighting back for the center and allowing a trade of queens.} dxe4 7. dxe4 Qxd1 {Accepting the invitation to the endgame.} 8. Rxd1 Bg4 9. c3 Nf6 10. Nbd2 {So far we followed my game with Shankland. Sam castled long, while Ding decides to try out another plan, the simple short castle.} ({RR} 10. h3 Be6 11. Ng5 Bd7 12. Nd2 h6 13. Ngf3 O-O-O 14. Re1 Be6 15. Bf1 Nd7 16. Nb3 a5 17. Be3 a4 18. Nbd2 Bf8 19. b4 axb3 20. axb3 Bc5 21. Bxc5 Nxc5 22. b4 Nd7 23. Nc4 f6 24. Ra8+ Ncb8 {Carlsen,M (2830)-Wei Yi (2755) Warsaw POL 2024 1-0 (58)}) ({RR} 10. h3 Be6 11. Ng5 Bd7 12. Nd2 h6 13. Ngf3 O-O-O 14. Re1 Be6 15. Bf1 Ne8 16. Kg2 Nd6 17. b4 Rhe8 18. Nh4 g5 19. Nhf3 f5 20. b5 Na5 21. exf5 Bd5 22. g4 c5 23. bxc6 Nxc6 24. Bb2 e4 {Petriashvili,N (2450)-Lumachi,G (2450) Trieste ITA 2025 ½-½ (39)}) 10... O-O {No matter where Black castles, he still has the minor issue of the c6 knight being dominated by the c3 pawn.} ({RR} 10... O-O-O 11. Re1 Bh6 12. Nc4 Bxc1 13. Raxc1 Bxf3 14. Bxf3 Ne8 15. Rcd1 Nd6 16. Bg4+ Kb8 17. Nxd6 Rxd6 18. Rxd6 cxd6 19. Re3 Kc7 ({RR} 19... h5 20. Be2 Kc7) 20. Rf3 Nd8 21. h4 d5 22. exd5 f5 23. Bh3 Kd6 ({RR} 23... Nf7 24. Bxf5 gxf5 25. Rxf5) ({RR} 23... b6 24. g4 f4 25. d6+ Kxd6 26. Rd3+ Ke7 27. g5) 24. c4 b6 ({RR} 24... Nf7 25. Bf1 e4 26. Ra3 Ra8 27. f4 exf3 28. Rxf3 Ne5 29. Ra3 b6) 25. g4 {Giri,A (2772)-Shankland,S (2708) Wijk aan Zee 2022 CBM 206 [Giri,Anish] 1-0 (34)} {RR} f4 26. Ra3 a5 27. Rb3 Kc7 28. d6+ Kxd6 29. Rxb6+) 11. Re1 Rad8 $146 {Preparing Bc8 retreat. There were plenty of alternatives here as well.} ({RR} 11... Rfd8 12. h3 Be6 13. Bf1 h6 14. b4 Ne8 15. Nb3 b6 16. b5 Ne7 17. Ba3 c5 18. bxc6 Nxc6 19. Rac1 Rac8 20. Kg2 f5 21. Nfd2 Nd6 22. c4 Nxe4 23. Nxe4 fxe4 24. c5 Nd4 25. Bc4 Bxc4 26. Rxc4 {Bauer,S (2320)-Song,R (2478) Budapest 2022 0-1 (44)}) 12. Nc4 {I thought it was accurate to start with this, so that with Nc4 Rfe8 inclusion, after h3 Black doesn't have Be6.} Rfe8 13. h3 {Kicking the bishop back.} Bc8 14. b4 $5 {I wasn't sure at all about this, due to the 14...Rd3!? invasion, but finally felt that this ambitious push is worth a shot.} b5 $2 {A big mistake. Black had to go for activity with 14...Rd3 instead, because this standard b5-a5 idea doesn't work tactically here.} (14... Rd3 $1 {Was strong, disrupting the coordination of White's pieces.} 15. Bd2 {Probably the better move.} (15. Bb2 {This was likely what was bothering Ding and was possibly also my intention, but now Black has a very strong sequence.} Be6 $1 16. Ncxe5 Nxe5 17. Nxe5 Rd2 $1 {and Black gets enough activity here, regaining a pawn and reaching a comfortable position.}) 15... Be6 {Using the fact that the d2 bishop is somewhat hanging.} 16. Nb2 Rdd8 {And having disrupted White's coordination somewhat, the rook returns. Black would have been fine here.}) 15. Nb2 $1 {Not the prettiest of the squares, but actually it isn't too bad either, as the knight can rejoin the game via d3 later on.} a5 {Natural follow up, not wanting to allow a4, but in fact it does quite do exactly that.} 16. a4 $1 {A strong little trick that was easy to go for, once spotted. The arising position is very pleasant for White.} axb4 17. axb5 bxc3 18. bxc6 cxb2 19. Bxb2 {Black is fortunate not to lose immediately here, with e5 pawn, as well as Ra7 being threatened.} Rd6 {Attacking the c6 pawn, defending from the threat of Ra7.} 20. Nxe5 {I was happy with the lines I calculated here, but 20.Bf1! was a very strong alternative, that I have to say hadn't occured to me at the time.} Nh5 21. Ra8 {I was thrilled with the idea of meeting 21...Rde6 with 22.Rb1!!. Alternatively, there was a similar idea- 21.Ra5!? Rde6 22.Rd1!.} Bd7 $2 {A clever idea, but missing my reply, it turns out to just be losing two tempi.} (21... Rde6 {This was the obvious attempt at fighting back, but now I had prepared a cunning idea.} 22. Rb1 $1 {I was very proud of this one. If Black takes on e5, I have Rbb8 in the end.} Bd7 $1 {Here this resource would have been more to the point. White doesn't have a clear-cut win here, but the exchange sacrifice suggested by the engine looks extremely appealing.} 23. Nxd7 Rxa8 24. e5 {With a large advantage, as the knight on h5 is totally out of play.}) 22. Rea1 $1 {The bishop just has to go back now.} Bc8 23. R1a7 {Ding wanted to see none of it at this point, though I was still expecting 23...Bxe5 24.Bxe5 Rxc6 25.Bxc7 trying to struggle on, in this technically lost position.} 1-0

[Event "Chess.com Rapid Wk2 Swiss"]
[Site "Chess.com INT"]
[Date "2022.02.19"]
[Round "2"]
[White "Nakamura, Hikaru"]
[Black "Dreev, Alexey"]
[Result "1-0"]
[WhiteElo "2736"]
[BlackElo "2623"]
[PlyCount "135"]
[EventDate "2022.02.19"]
[EventType "swiss (rapid)"]
[EventRounds "9"]
[EventCountry "USA"]
[SourceTitle "CBM 206 Extra"]
[Source "ChessBase"]
[SourceDate "2022.03.31"]
[SourceVersion "1"]
[SourceVersionDate "2022.03.31"]
[SourceQuality "1"]

1. Nf3 {Salov,Valery} d5 2. b3 Bg4 3. Bb2 Nd7 4. e3 c6 ({RR} 4... Ngf6 5. h3 Bh5 6. Be2 e6 7. d3 h6 8. Nbd2 Bg6 9. Ne5 Nxe5 10. Bxe5 Bd6 11. Nf3 O-O 12. O-O Qe7 13. c4 a5) ({RR} 4... e5 5. h3) 5. h3 Bh5 6. d3 ({RR} 6. Be2 e6 7. O-O Ngf6 8. d3 Bd6 9. c4 O-O 10. Nbd2 Qe7 11. a3 e5 12. Nh4 Bxe2 13. Qxe2 g6 14. e4 dxe4 15. dxe4 a5 16. g3 Ne8 17. Ng2 Ng7 18. Rfd1 Rfd8 19. Nf3 Ne6 20. Rd2 Ndc5 {Jarvenpaa,J (2271)-Neiksans,A (2606) Finland FIN 2023 0-1 (31)}) 6... f6 ({RR} 6... e6 7. Nbd2 h6 ({RR} 7... Ngf6 8. g4 Bg6 9. Nh4 Be7) 8. g3 Ngf6 9. Bg2 a5 10. a3 Bd6 11. O-O O-O 12. Qe1 ({RR} 12. Qe2) 12... Qb6 ({RR} 12... Re8) 13. e4 Bxf3 ({RR} 13... Bxg3 14. Bd4 c5 15. Bxf6) ({RR} 13... e5 14. Nh4 Rfe8 15. Nf5 ({RR} 15. g4 Bg6 16. Nxg6 ({RR} 16. Nf5) 16... fxg6 17. exd5 ({RR} 17. Qe2 Nc5 18. d4 exd4 ({RR} 18... Ncxe4 19. dxe5 Bxe5 20. Bxe5 Rxe5) 19. Bxd4 dxe4 20. Nxe4 Nfxe4 21. Bxe4 Rxe4 22. Qxe4 Nxe4 23. Bxb6) 17... cxd5 ({RR} 17... Nxd5 18. Nc4 Qc7 19. Be4) 18. c4 Nc5) 15... Bf8) 14. Nxf3 e5 15. Nd2 ({RR} 15. exd5 cxd5 ({RR} 15... Nxd5 16. Nd2) 16. Nxe5 Nxe5 17. Bxe5 Rfe8 18. d4 Nd7 ({RR} 18... Rac8)) 15... Rfe8 16. Rb1 ({RR} 16. Qe2 a4 17. b4 c5 ({RR} 17... dxe4 18. dxe4 c5 19. Nc4 Qb5 20. Rfe1) 18. exd5 cxb4 19. Nc4) 16... Rad8 17. Qe2 Qc7 18. Rbe1 b5 19. Kh2 ({RR} 19. Kh1) ({RR} 19. c3) 19... d4 ({RR} 19... dxe4 20. dxe4 Bc5) ({RR} 19... Nf8 20. exd5 cxd5 21. c4) 20. Ra1 Rb8 ({RR} 20... c5 21. a4) 21. h4 {Salov,V (2710)-Bareev,E (2685) Tilburg 1994 CBM 044 [Salov,Valery] 1-0 (57)} ({RR} 21. Rfc1 h5 22. c3 ({RR} 22. Nf3 c5 23. c3) 22... dxc3 23. Bxc3 ({RR} 23. Rxc3)) {RR} 21... h5 22. Bh3) ({RR} 6... Qc7 7. g4 Bg6 8. Nh4 e5 9. Nd2 Bd6 10. a3 Ne7 11. Bg2 a5 12. Qe2 Nc5 13. Nxg6 hxg6 14. h4 Ne6 15. O-O-O b5 16. Kb1 a4 17. b4 c5 18. c3 Rc8 19. Rc1 c4 20. dxc4 bxc4 21. g5 {Anton Guijarro,D (2685)-Dreev,A (2677) Moscow 2019 1-0 (51)}) 7. d4 $146 ({RR} 7. Be2 e5 8. Nbd2 Bd6 9. e4 Bf7 10. O-O Ne7 11. a3 O-O 12. d4 exd4 13. Bxd4 c5 14. Bb2 d4 15. Bc4 Nc6 16. Bxf7+ Rxf7 17. c3 dxc3 18. Bxc3 Nde5 19. Qe2 Qe7 20. Rfd1 a6 21. Nc4 Bc7 {Dardha,D (2540)-Adewumi,T (2188) Chess.com INT 2022 1-0 (37)}) 7... e6 8. c4 Bd6 9. Bd3 Bg6 10. Nc3 Bxd3 11. Qxd3 f5 12. g4 Ne7 13. Ng5 Nf8 14. gxf5 exf5 15. cxd5 cxd5 16. Qb5+ Qd7 17. Qxd7+ Nxd7 18. Nb5 Bb4+ 19. Ke2 O-O 20. Rac1 a6 21. Bc3 Bxc3 22. Nxc3 Rac8 23. Ne6 Rfe8 24. Nf4 Nf6 25. f3 Rc6 26. Kd2 Rec8 27. h4 Kf7 28. Nce2 Rxc1 29. Nxc1 Ng6 30. Nfd3 f4 31. exf4 Nh5 32. Ne2 Kf6 33. Rg1 h6 34. Rg4 Kf5 35. Ne5 Nf8 36. Nc3 Rd8 37. Nd1 Kf6 38. Ne3 g6 39. f5 gxf5 40. Rg8 Nf4 41. Rxf8+ Rxf8 42. Nd7+ Ke7 43. Nxf8 Kxf8 44. Nxf5 h5 45. Ke3 Ng2+ 46. Kf2 Nf4 47. Ng3 Ke7 48. Ne2 Ne6 49. Ke3 Ng7 50. Ng3 Kf6 51. Kf4 Ne6+ 52. Ke3 Ng7 53. Kd3 Kg6 54. Ne2 Nf5 55. Nf4+ Kh6 56. Nxd5 Nxh4 57. Ke4 Ng6 58. Kf5 Nh4+ 59. Ke4 Kg7 60. f4 Ng6 61. f5 Nf8 62. Kf4 Nh7 63. a4 Kf7 64. b4 Nf6 65. Nxf6 Kxf6 66. d5 h4 67. d6 h3 68. Kg3 1-0

[Event "Chess.com Rapid Wk2 KO"]
[Site "Chess.com INT"]
[Date "2022.02.20"]
[Round "1.3"]
[White "Nakamura, Hikaru"]
[Black "Anton Guijarro, David"]
[Result "1-0"]
[WhiteElo "2736"]
[BlackElo "2691"]
[PlyCount "123"]
[EventDate "2022.02.20"]
[EventType "k.o. (rapid)"]
[EventRounds "3"]
[EventCountry "USA"]
[SourceTitle "CBM 206 Extra"]
[Source "ChessBase"]
[SourceDate "2022.03.31"]
[SourceVersion "1"]
[SourceVersionDate "2022.03.31"]
[SourceQuality "1"]

1. Nf3 d5 2. b3 Nf6 3. Bb2 Bf5 4. d3 e6 5. g3 h6 6. Ne5 Nbd7 7. Nxd7 Qxd7 8. Bg2 Be7 9. Nd2 O-O 10. e4 $146 ({RR} 10. O-O Rfd8 11. Qe1 Bh7 12. Rd1 a5 13. a3 a4 14. b4 c5 15. bxc5 Bxc5 16. c4 Qe7 17. cxd5 exd5 18. Nb1 b5 19. Rc1 b4 20. axb4 Bxb4 21. Bxf6 gxf6 22. Qd1 Qe5 23. Rc2 Bf5 24. Ra2 Bd7 {Romanov,E (2572)-Eke,S (2180) Mersin TUR 2023 ½-½ (64)}) 10... Bh7 11. Qe2 Rfd8 12. e5 Ne8 13. O-O a5 14. a4 c5 15. Rfd1 Nc7 16. Nf1 b5 17. Ne3 Rdb8 18. Bc1 bxa4 19. Rxa4 Rb4 20. Ra1 Nb5 21. Qe1 Nd4 22. Bd2 Rb5 23. Bxa5 h5 24. Bc3 Rc8 25. h4 Bg6 26. Bb2 Rbb8 27. Ra2 Ra8 28. Rda1 Rxa2 29. Rxa2 Nc6 30. Ra1 Qb7 31. Qe2 Nd4 32. Qd1 Qc7 33. f4 Qb6 34. Kh2 Rd8 35. Qd2 Rc8 36. Rb1 Ra8 37. Ra1 Rxa1 38. Bxa1 Qa7 39. Bb2 Qa2 40. Qc1 Qa6 41. Qa1 Qb7 42. Bxd4 cxd4 43. Qxd4 Qc7 44. Qb2 Qb6 45. d4 Qa6 46. Bf1 Qa7 47. c3 Bd8 48. b4 Qa8 49. Be2 Qa4 50. Bd1 Qb5 51. Be2 Qa4 52. Kg1 f6 53. Kf2 fxe5 54. fxe5 Bf7 55. Bd1 Qb5 56. Qa2 Qd3 57. Qa8 Qxc3 58. Qxd8+ Kh7 59. Bc2+ g6 60. Qf6 Qd2+ 61. Kf3 Kg8 62. Bxg6 1-0

[Event "Titled Tuesday intern op 22nd Feb Early"]
[Site "Chess.com INT"]
[Date "2022.02.22"]
[Round "3"]
[White "Kozak, Adam"]
[Black "Sviridov, Valery"]
[Result "1-0"]
[WhiteElo "2522"]
[BlackElo "2561"]
[PlyCount "61"]
[EventDate "2022.02.22"]
[EventType "swiss (blitz)"]
[EventRounds "11"]
[EventCountry "USA"]
[SourceTitle "CBM 207 Extra"]
[Source "ChessBase"]
[SourceDate "2022.05.31"]
[SourceVersion "1"]
[SourceVersionDate "2022.05.31"]
[SourceQuality "1"]

1. Nf3 d5 2. g3 c6 3. Bg2 Nf6 4. O-O Bf5 5. d3 e6 6. b3 h6 7. Bb2 Nbd7 8. Nbd2 Bh7 9. Re1 ({RR} 9. e4 Bb4 10. a3 Ba5 11. Qe2 O-O 12. b4 Bc7 13. e5 Ne8 14. c4 g5 15. Nb3 Ng7 16. h3 Qe7 17. Bc3 Rae8 18. Rfe1 Bg6 19. Rad1 Bh5 20. g4 Bg6 21. Bd4 Bb6 22. Bc3 Rc8 23. Qb2 Rfd8 {Artemiev,V (2761)-Fedoseev,V (2680) Poikovsky 2019 1-0 (56)}) 9... a5 ({RR} 9... Bc5 10. e4 O-O 11. Qe2 Re8 12. Rad1 a5 13. a3 a4 14. b4 Bb6 15. h3 c5 16. e5 Nh5 17. bxc5 Bxc5 18. Kh2 Qb6 19. Rb1 Qa7 20. Rf1 Rac8 21. Rbc1 Qb6 22. Rb1 Qa7 23. Nh4 g6 24. c4 {Shuvalova,P (2483)-Rego,P (2323) chess.com INT 2024 ½-½ (82)}) ({RR} 9... Bc5 10. e4 dxe4 11. dxe4 O-O 12. Qe2 Qb6 13. h3 a5 14. a3 Rfe8 15. Nc4 Qc7 16. Nfe5 b5 17. Nxd7 Nxd7 18. Ne3 e5 19. Rad1 Nf8 20. h4 Ne6 21. c3 Bb6 22. Qc2 Rad8 23. Bc1 Rxd1 24. Rxd1 {Kozak,A (2523)-Nemec,J (2363) Teplice 2022 ½-½ (56)}) 10. a3 Nc5 $146 ({RR} 10... Be7 11. e4 dxe4 12. dxe4 O-O 13. e5 Nd5 14. c4 N5b6 15. Ne4 a4 16. Nd6 Nc5 17. Re3 Nxb3 18. Rxb3 axb3 19. Qxb3 Na4 20. Nxb7 Qd3 21. Qxd3 Bxd3 22. Bc1 Rab8 23. Na5 Rb6 24. Nd4 c5 25. Ndc6 {Jacobi,R (1985)-Babayev,H (1859) Uelzen 2007 0-1 (56)}) 11. c4 Be7 12. b4 Na6 13. b5 cxb5 14. cxb5 Nc5 15. a4 O-O 16. Ne5 Rc8 17. Rc1 Bd6 18. f4 Bxe5 19. fxe5 Ng4 20. Bd4 Nd7 21. Nf3 Rxc1 22. Qxc1 Qb8 23. Qf4 f5 24. h3 h5 25. Ng5 Ngxe5 26. Nxe6 Re8 27. Bxd5 Kh8 28. Ng5 Bg6 29. Be6 Qd8 30. Bxd7 Nxd7 31. Nf7+ 1-0

[Event "Titled Tuesday intern op 22nd Feb Early"]
[Site "Chess.com INT"]
[Date "2022.02.22"]
[Round "6"]
[White "Nakamura, Hikaru"]
[Black "Durarbayli, Vasif"]
[Result "1-0"]
[WhiteElo "2736"]
[BlackElo "2615"]
[PlyCount "63"]
[EventDate "2022.02.22"]
[EventType "swiss (blitz)"]
[EventRounds "11"]
[EventCountry "USA"]
[SourceTitle "CBM 207 Extra"]
[Source "ChessBase"]
[SourceDate "2022.05.31"]
[SourceVersion "1"]
[SourceVersionDate "2022.05.31"]
[SourceQuality "1"]

1. Nf3 d5 2. e3 c5 3. b3 a6 4. Bb2 Nc6 5. d4 cxd4 6. Nxd4 Nf6 7. Nxc6 bxc6 8. c4 ({RR} 8. Nd2 e6 9. Bd3 Be7 10. O-O O-O 11. c4 a5 12. Qc2 h6 13. Nf3 Ba6 14. e4 Qb6 15. Rfe1 Rfd8 16. Rac1 Rac8 17. c5 Qb7 18. Bxa6 Qxa6 19. Bxf6 Bxf6 20. e5 Be7 21. Nd4 Rd7 22. f4 Rb7 {Nakamura,H (2792)-Caruana,F (2807) Saint Louis 2017 1-0 (91)}) ({RR} 8. Nd2 Bf5 9. Nf3 e6 10. Bd3 Qa5+ 11. c3 Bxd3 12. Qxd3 Ba3 13. Bxa3 Qxa3 14. O-O O-O 15. c4 a5 16. Nd4 Rfc8 17. h3 g6 18. Qc2 a4 19. Rfc1 axb3 20. axb3 Qxa1 21. Rxa1 Rxa1+ 22. Kh2 Raa8 {Balaji,A (2350)-Harsh,S (2414) chess.com INT 2025 1-0 (36)}) ({RR} 8. Bd3 Bg4 9. Qc1 e6 10. Nd2 Be7 11. c4 O-O 12. Qc2 Bh5 13. O-O Bg6 14. Rfd1 a5 15. Nf3 a4 16. Bxg6 hxg6 17. Ne5 Qb6 18. bxa4 Qa6 19. a5 Rfc8 20. Rac1 Bd6 21. Nxg6 Ne4 22. f3 Nc5 {Nakamura,H (2760)-Sarana,A (2670) Chess.com INT 2022 ½-½ (40)}) 8... Bf5 $146 ({RR} 8... Bg4 9. Be2 Bxe2 10. Qxe2 e6 11. O-O Be7 12. Nc3 O-O 13. Rfd1 a5 14. e4 Bb4 15. exd5 cxd5 16. cxd5 exd5 17. Nb5 Re8 18. Qf3 Ne4 19. Nd4 Bc5 20. Rac1 Rc8 21. Qg4 f6 22. h3 Qb6 23. Rc2 {Kuzhilniy,O (2220)-Devaev,A (2325) chess.com INT 2023 0-1 (105)}) 9. Nc3 e6 10. Be2 Bd6 11. O-O h5 12. h3 Bc7 13. Ba3 Bb8 14. cxd5 exd5 15. Rc1 Qc7 16. f4 Ba7 17. Rf3 Be4 18. Nxe4 dxe4 19. Rg3 h4 20. Rxg7 Bxe3+ 21. Kh1 Rd8 22. Qe1 Bd2 23. Qf2 Bxc1 24. Bxc1 Qd6 25. Rg5 Nd5 26. Re5+ Kf8 27. Rxe4 Re8 28. Rxe8+ Kxe8 29. Bxa6 Kf8 30. Bc4 Nf6 31. Qa7 Rh5 32. Qxf7# 1-0

[Event "Titled Tuesday intern op 22nd Feb Early"]
[Site "Chess.com INT"]
[Date "2022.02.22"]
[Round "7"]
[White "Jones, Gawain C B"]
[Black "Dubov, Daniil"]
[Result "1-0"]
[WhiteElo "2671"]
[BlackElo "2720"]
[PlyCount "107"]
[EventDate "2022.02.22"]
[EventType "swiss (blitz)"]
[EventRounds "11"]
[EventCountry "USA"]
[SourceTitle "CBM 207 Extra"]
[Source "ChessBase"]
[SourceDate "2022.05.31"]
[SourceVersion "1"]
[SourceVersionDate "2022.05.31"]
[SourceQuality "1"]

1. Nf3 d5 2. g3 g6 3. Bg2 Bg7 4. d4 Nf6 5. O-O O-O 6. b3 c5 7. Bb2 Ne4 8. Nbd2 Nc6 9. e3 Bf5 ({RR} 9... Qa5 10. Nxe4 dxe4 11. Ne5 Nxe5 12. dxe5 Rd8 13. Qe1 Qc7 14. Bxe4 Bh3 15. Bg2 Bxg2 16. Kxg2 Bxe5 17. Bxe5 Qxe5 18. Qe2 Qe4+ 19. f3 Qc6 20. Rad1 b5 21. Rd2 Rxd2 22. Qxd2 a5 23. Rd1 a4 24. Qd5 {Moussard,J (2576)-Fridman,D (2594) Chess.com INT 2017 ½-½ (47)}) ({RR} 9... Bg4 10. h3 Bf5 11. c3 cxd4 12. exd4 Rc8 13. Nh4 Nxd2 14. Qxd2 Bd7 15. Rfe1 e6 16. Nf3 Qa5 17. h4 Rc7 18. h5 Rfc8 19. Qf4 Be8 20. h6 Bh8 21. Nh2 Re7 22. Ng4 f5 23. Ne3 Qc7 24. Nxd5 {Shandrygin,N (2209)-Ter Sahakyan,S (2611) chess.com INT 2025 0-1 (51)}) 10. c3 Qa5 11. Nh4 cxd4 12. b4 $146 ({RR} 12. Nxe4 Bxe4 13. cxd4 Bxg2 14. Nxg2 Rfc8 15. Nf4 e6 16. h4 Ne7 17. Qe1 Qa6 18. Qe2 Nf5 19. Nd3 b6 20. Rfc1 Rxc1+ 21. Nxc1 Nd6 22. Qd3 Qa5 23. Ne2 Rc8 24. Nc3 Bf8 25. a3 b5 26. Kg2 a6 {Udovcic,M-Keres,P Belgrade 1961 ½-½ (40)}) 12... Qb6 13. cxd4 Qxb4 14. Nb3 Be6 15. Qc1 Rac8 16. Ba3 Qa4 17. Bxe4 dxe4 18. Nc5 Qc4 19. Nxb7 Qd5 20. Nc5 g5 21. Ng2 Bg4 22. Qc2 Bf3 23. Rfc1 Qf5 24. Ne1 Bxd4 25. Rab1 Qh3 26. Nxe4 Ne5 27. Nxg5 Qh5 28. Qxh7+ Qxh7 29. Nxh7 Kxh7 30. exd4 Be4 31. dxe5 Bxb1 32. Rxb1 Rc7 33. Kg2 Rd8 34. Nf3 Rd3 35. Rb3 Rxb3 36. axb3 Rc3 37. Nd4 e6 38. h4 a5 39. Bd6 Rd3 40. Bc5 Rc3 41. Bb6 Rd3 42. Kf1 Kg6 43. Ke2 Rc3 44. Bxa5 Rc5 45. Bd2 Rxe5+ 46. Be3 Rd5 47. Kf3 f5 48. g4 fxg4+ 49. Kxg4 e5 50. h5+ Kf7 51. Nf3 Rb5 52. Kf5 e4+ 53. Ne5+ Ke7 54. b4 1-0

[Event "Titled Tuesday intern op 22nd Feb Early"]
[Site "Chess.com INT"]
[Date "2022.02.22"]
[Round "7"]
[White "Nakamura, Hikaru"]
[Black "Tari, Aryan"]
[Result "1-0"]
[WhiteElo "2736"]
[BlackElo "2660"]
[PlyCount "85"]
[EventDate "2022.02.22"]
[EventType "swiss (blitz)"]
[EventRounds "11"]
[EventCountry "USA"]
[SourceTitle "CBM 207 Extra"]
[Source "ChessBase"]
[SourceDate "2022.05.31"]
[SourceVersion "1"]
[SourceVersionDate "2022.05.31"]
[SourceQuality "1"]

1. Nf3 d5 2. b3 c5 3. e3 Nc6 4. Bb2 Bg4 5. Be2 Nf6 6. d4 cxd4 7. Nxd4 ({RR} 7. exd4 e6 8. O-O Bd6 9. Nbd2 O-O 10. c4 Re8 11. h3 Bf5 12. Ne5 Bxe5 13. dxe5 Nd7 14. Nf3 dxc4 15. Bxc4 Qe7 16. Qe2 Red8 17. Rfd1 a6 18. Rac1 Nb6 19. Rxd8+ Rxd8 20. Bxa6 bxa6 21. Rxc6 Bd3 {Pihl,W (1878)-Nielsen Refs,K (1955) Koege 2022 1-0 (52)}) 7... Bxe2 8. Qxe2 e6 9. Nxc6 $146 ({RR} 9. O-O Be7 10. Nd2 Rc8 11. Rac1 O-O 12. a3 a6 13. c4 Na5 14. cxd5 exd5 15. b4 Nc6 16. Nxc6 bxc6 17. Qxa6 Qd6 18. Nb3 Ng4 19. f4 Qh6 20. h3 Nxe3 21. Rf3 Nf5 22. Qf1 Bh4 23. Qd3 Nd6 {Toledo,M-Iglesias Gimenez,J La Patrona 2001 1-0 (37)}) 9... bxc6 10. O-O Be7 11. c4 O-O 12. Nc3 Nd7 13. Rfd1 Bf6 14. cxd5 cxd5 15. e4 d4 16. Nb5 e5 17. Rac1 Qb6 18. Nc7 Rac8 19. Nd5 Qb7 20. Qg4 Kh8 21. Ba3 Rxc1 22. Rxc1 Rc8 23. h4 Rxc1+ 24. Bxc1 Qc6 25. Bd2 h6 26. Qf5 g6 27. Qf3 h5 28. g4 hxg4 29. Qxg4 Nb6 30. Nxf6 Qxf6 31. Kf1 Qc6 32. h5 Kg7 33. Qh4 Nd7 34. Qe7 Nf6 35. h6+ Kg8 36. Qxe5 Qa6+ 37. Kg2 Nh5 38. Qe8+ Kh7 39. Qxf7+ Kh8 40. Bf4 Qb5 41. Qf8+ Kh7 42. Qe7+ Kh8 43. Be5+ 1-0

[Event "Titled Tuesday intern op 22nd Feb Early"]
[Site "Chess.com INT"]
[Date "2022.02.22"]
[Round "9"]
[White "Murzin, Volodar"]
[Black "Tregubov, Pavel V"]
[Result "1-0"]
[WhiteElo "2519"]
[BlackElo "2537"]
[PlyCount "51"]
[EventDate "2022.02.22"]
[EventType "swiss (blitz)"]
[EventRounds "11"]
[EventCountry "USA"]
[SourceTitle "CBM 207 Extra"]
[Source "ChessBase"]
[SourceDate "2022.05.31"]
[SourceVersion "1"]
[SourceVersionDate "2022.05.31"]
[SourceQuality "1"]

1. e4 e6 2. d3 c5 3. Nd2 Nc6 4. Ngf3 g6 5. g3 Bg7 6. Bg2 Nge7 7. O-O O-O 8. c3 d6 9. Re1 e5 10. a4 h6 11. Nc4 Be6 12. Bd2 ({RR} 12. Nfd2 f5 13. exf5 gxf5 14. f4 Qd7 15. Nf1 Ng6 16. fxe5 dxe5 17. Be3 b6 18. Qh5 Kh7 19. Bxh6 Bxh6 20. Bxc6 Qxc6 21. Qxg6+ Kxg6 22. Nxe5+ Kf6 23. Nxc6 f4 24. Ne5 Bh3 25. d4 cxd4 26. cxd4 Rac8 {Inarkiev,E (2682)-Vitiugov,N (2742) Dubai 2014 0-1 (44)}) 12... Qd7 $146 ({RR} 12... f5 13. exf5 Nxf5 14. Ne3 Qd7 15. Nxf5 Rxf5 16. Be3 Raf8 17. d4 cxd4 18. cxd4 Rxf3 19. Bxf3 exd4 20. Bc1 Rxf3 21. Qxf3 Ne5 22. Qd1 Bd5 23. Ra3 Qh3 24. f3 Qf5 25. f4 Nc4 26. Rd3 Bc6 27. Rf1 {Vetemaa,J (2380)-Viljava,T (2235) Helsinki 1994 1-0 (36)}) ({RR} 12... a5 13. Qb3 Rb8 14. Qb6 Qd7 15. Nxa5 Nc8 16. Qb5 N8a7 17. Qb6 Nxa5 18. Qxa5 b6 19. Qa6 Qc7 20. b4 Bc8 21. Qc4 Be6 22. Qa6 Bc8 23. Qc4 Be6 24. Qa6 {½-½ (24) Kobalia,M (2542)-Rustemov,A (2525) chess.com INT 2024}) 13. b4 Bh3 14. Bxh3 Qxh3 15. b5 Nd8 16. Nxd6 Qd7 17. Nc4 Qxd3 18. Nfxe5 Bxe5 19. Nxe5 Qd6 20. Bf4 Qxd1 21. Raxd1 g5 22. Be3 Ne6 23. Rd7 Rfe8 24. Rxb7 a6 25. Nd7 Kg7 26. Nxc5 1-0